|
|
|
|
| LEADER |
00000cam a2200000 a 4500 |
| 001 |
vtls001288784 |
| 003 |
SK-MaSNL |
| 005 |
20260302024916.0 |
| 008 |
240226s1950 xr f 000 0 cze |
| 035 |
|
|
|a SNK000240399
|
| 035 |
|
|
|a urn:nbn:sk:snk-am3hloy
|
| 035 |
|
|
|a 7D5F8A39-CB54-4395-8242-5C053D697274
|
| 035 |
|
|
|a urn:nbn:sk:snk-am00d4rv
|
| 040 |
|
|
|a SNK
|b slo
|c SNK
|e AACR2
|
| 041 |
1 |
|
|a cze
|h eng
|
| 044 |
|
|
|a xr
|c CZ
|
| 080 |
|
|
|a 001:32
|2 1981
|
| 080 |
|
|
|a 321
|2 1981
|
| 100 |
1 |
|
|a Bernal, J. D. (John Desmond),
|d 1901-1971
|4 aut
|9 673529
|
| 245 |
1 |
0 |
|a Věda v boji za mír a socialismus
|c J.D. Bernal, M. Cornforth ; [stať J.D. Bernala přeložila z anglického originálu Science Against War L. Krbečková, stať M. Cornfortha The Battle of Ideas in Science přeložila M. Kalinová]
|
| 250 |
|
|
|a 1. vyd.
|
| 260 |
|
|
|a Praha
|b Orbis
|c 1950
|e Praha
|f Orbis
|
| 300 |
|
|
|a 93 s.
|
| 490 |
1 |
|
|a Časové otázky
|
| 504 |
|
|
|a Obsahuje bibliografické odkazy
|
| 650 |
0 |
7 |
|a veda
|2 SNKPH
|9 1599
|
| 650 |
0 |
7 |
|a socializmus
|2 SNKPH
|9 2151
|
| 650 |
0 |
7 |
|a kapitalizmus
|2 SNKPH
|9 4060
|
| 650 |
0 |
7 |
|a imperializmus
|2 SNKPH
|9 4784
|
| 655 |
|
7 |
|a štúdie
|2 SNKPH
|9 57033
|
| 700 |
1 |
|
|a Cornforth, Maurice Campbell,
|d 1909-1980
|4 aut
|9 307627
|
| 700 |
1 |
2 |
|a Bernal, J. D. (John Desmond),
|d 1901-1971
|t Science Against War
|l Česky
|9 673530
|
| 700 |
1 |
2 |
|a Cornforth, Maurice Campbell,
|d 1909-1980
|t The Battle of Ideas in Science
|l Česky
|9 673531
|
| 700 |
1 |
|
|a Krbečková, L.
|4 aut
|9 673532
|
| 700 |
1 |
|
|a Kalinová, M.
|4 aut
|9 673533
|
| 830 |
|
0 |
|a Časové otázky
|9 281309
|
| 852 |
|
|
|a Slovenská národná knižnica
|
| 954 |
|
|
|a odborná, vedecká literatúra cudzojazyčná (svetová)
|2 lita
|
| 958 |
|
|
|a NB
|
| 958 |
|
|
|a OND
|
| 958 |
|
|
|a EUIPO
|
| 999 |
|
|
|c 1042224
|d 1044154
|
| 952 |
|
|
|t P60, <04>, [BOOK], {604}
|a SNK
|b SNK
|y VYP
|7 0
|p 17A0060407
|o snkSD 5232/15 D2
|0 0
|1 0
|4 0
|d 1997-05-29
|l 0
|r 2005-01-02 00:00:00
|w 2026-02-24
|
| 952 |
|
|
|a SNK
|b SNK
|y VYP
|7 0
|p 17A0553362
|o snkSD 5232/15 D1
|i snkKIF 461/58
|8 5
|0 0
|1 0
|4 0
|d 2007-06-26
|l 0
|r 2026-02-24 14:28:15
|w 2026-02-24
|
| 952 |
|
|
|a SNK
|b SNK
|y PREZ
|7 0
|p 17A0908523
|o snkSD 5232/15
|i snk5642/50
|0 0
|1 0
|4 0
|d 2018-08-21
|f 1
|l 0
|r 2025-11-12 00:00:00
|w 2026-02-24
|